| 000 | 00576nam a2200193Ia 4500 | ||
|---|---|---|---|
| 003 | GCL | ||
| 008 | 140319s9999 xx 000 0 ara d | ||
| 040 |
_aGCL / _cGCL |
||
| 082 | 0 | 4 |
_a953.09624 _bب ت |
| 100 | 1 | _aبابكر احمد موسى | |
| 245 | 1 | 0 |
_aالتركية والمهدية فى السودان / _cبابكر احمد موسى |
| 260 |
_a[S.N] : _bدار الثقافة للنشر والتوزيع |
||
| 300 | _a89 ص | ||
| 490 | _a | ||
| 650 | 0 | 4 | _aالسودان |
| 650 | 0 | 4 | _aالتاريخ العربى |
| 650 | 0 | 4 | _aالمهدية |
| 942 |
_2ddc _cBK |
||
| 999 |
_c36077 _d36077 |
||